MARC details
| 000 -CABECERA |
| campo de control de longitud fija |
00967cam a22002651a 4500 |
| 001 - NÚMERO DE CONTROL |
| campo de control |
000018295 |
| 005 - FECHA Y HORA DE LA ÚLTIMA TRANSACCIÓN |
| campo de control |
20200929165436.0 |
| 008 - DATOS DE LONGITUD FIJA--INFORMACIÓN GENERAL |
| campo de control de longitud fija |
760311s1903 nyuaf 000 0 lat |
| 010 ## - NÚMERO DE CONTROL DE LA BIBLIOTECA DEL CONGRESO |
| Número de control de LC |
03019672 |
| 035 ## - NÚMERO DE CONTROL DEL SISTEMA |
| Número de control de sistema |
(OCoLC)2044700 |
| 040 ## - FUENTE DE LA CATALOGACIÓN |
| Centro catalogador/agencia de origen |
DO-SdBNP |
| Centro/agencia transcriptor |
TxShA |
| Centro/agencia modificador |
OCoLC |
| -- |
PPiU |
| -- |
DLC |
| 041 0# - CÓDIGO DE LENGUA |
| Código de lengua del texto/banda sonora o título independiente |
lateng |
| 050 00 - SIGNATURA TOPOGRÁFICA DE LA BIBLIOTECA DEL CONGRESO |
| Número de clasificación |
PA2095 |
| Número de documento/Ítem |
.R5 1903 |
| 100 1# - ENTRADA PRINCIPAL--NOMBRE DE PERSONA |
| Nombre de persona |
Ritchie, F. |
| Forma completa/desarrollada del nombre |
(Francis) |
| 9 (RLIN) |
39620 |
| 240 10 - TÍTULO UNIFORME |
| Título uniforme |
Fabulae faciles. |
| Fecha de publicación/de la obra |
1903 |
| 245 10 - MENCIÓN DE TÍTULO |
| Título |
Ritchie's fabulae faciles : |
| Resto del título |
a first Latin reader / |
| Mención de responsabilidad, etc. |
edited with notes and a vocabulary by John Copeland Kirtland, Jr. |
| 250 ## - MENCIÓN DE EDICIÓN |
| Mención de edición |
Authorized ed. |
| 260 ## - PUBLICACIÓN, DISTRIBUCIÓN, ETC. |
| Lugar de publicación, distribución, etc. |
New York : |
| Nombre del editor, distribuidor, etc. |
Longmans, Green, and Co., |
| Fecha de publicación, distribución, etc. |
1903. |
| 300 ## - DESCRIPCIÓN FÍSICA |
| Extensión |
xvi, 134 p., [3] leaves of plates ; : |
| Otras características físicas |
ill. ; |
| Dimensiones |
19 cm. |
| 500 ## - NOTA GENERAL |
| Nota general |
"The myths in English literature": p. xiii-xiv. |
| 500 ## - NOTA GENERAL |
| Nota general |
"The myths in art": p. xv-xvi. |
| 650 #0 - PUNTO DE ACCESO ADICIONAL DE MATERIA--TÉRMINO DE MATERIA |
| Término de materia o nombre geográfico como elemento de entrada |
Latin language |
| Subdivisión general |
Readers |
| -- |
Mythology. |
| 9 (RLIN) |
39621 |
| 700 1# - PUNTO DE ACCESO ADICIONAL--NOMBRE DE PERSONA |
| Nombre de persona |
Kirtland, John Copeland, |
| Fechas asociadas al nombre |
1870- |
| 9 (RLIN) |
39622 |
| 910 ## - DATOS DE OPCIÓN DEL USUARIO (OCLC) |
| Datos de opción del usuario |
Catalogación derivada |